Deathstroke - Portrayals by Picture - Statistics

General Stats
  • This quiz has been taken 4 times
  • The average score is 3 of 25
Answer Stats
Picture Answer % Correct
John DiMaggio / Liam O'Brien / Mark Rolston
67%
Ron Perlman
67%
Will Arnett
67%
Junichi Suwabe / Fred Tatasciore
33%
Larry Grimm / Mark Rolston
33%
Miguel Ferrer
33%
Ron Perlman
33%
Antonio Sabàto Jr.
0%
Bruce Davison
0%
Charlie Barnett
0%
Chris Matthews / Patrick Seitz
0%
D.C. Douglas
0%
Esai Morales
0%
Jamie Andrew Cutler
0%
Jeffrey C. Robinson
0%
J.G. Hertzler
0%
Joe Manganiello
0%
Liam Hall
0%
Manu Bennett
0%
Michael Chiklis
0%
Michael Hogan
0%
Robin Atkin Downes
0%
Thomas Gibson
0%
Tracy W. Bush
0%
Wentworth Miller
0%
No matching quizzes found
Score Distribution
Percent of People with Each Score
Percentile by Number Answered
Your Score History
You have not taken this quiz